000 00286nam a22001337a 4500
008 181009b xxu||||| |||| 00| 0 eng d
020 _a9780442025328
041 _aeng
080 _a710
100 _a44
101 _aART
245 _aDesigning Camelo
_cAbbott,J.A
942 _2udc
_cBK
999 _c49235
_d49235